Mr. TV zo Samsungu

Informácie o kórejskej spoločnosti Samsung. Výroba LED televízorov. Yoon Boo-Keun, šéf spoločnosti a jeho prezývka Mr.TV. Výhody Samsungu - rozhodný manažment, efektívna výroba a dobre spolupracujúce divízie. Školy a vzdelávací systém ako príčina nedostatku inovácií a kreativity. Yoonova filozofia z...

Ausführliche Beschreibung

Gespeichert in:
Bibliographische Detailangaben
1. Verfasser: Salmon, Andrew
Format: Buchkapitel
Sprache:Slowakisch
Schlagworte:
Tags: Tag hinzufügen
Keine Tags, Fügen Sie das erste Tag hinzu!

MARC

LEADER 00000naa a2200000 4500
001 0142131
005 20231009104444.4
041 0 |a slo 
044 |a SK 
245 1 0 |a Mr. TV zo Samsungu  |c Andrew Salmon 
520 |a Informácie o kórejskej spoločnosti Samsung. Výroba LED televízorov. Yoon Boo-Keun, šéf spoločnosti a jeho prezývka Mr.TV. Výhody Samsungu - rozhodný manažment, efektívna výroba a dobre spolupracujúce divízie. Školy a vzdelávací systém ako príčina nedostatku inovácií a kreativity. Yoonova filozofia založená na rýchlosti, lacnej výrobe a odlíšení sa od konkurencie. Výroba televízorov ako najdôležitejšieho produktu popri výrobe polovodičov, mobilov a domácich spotrebičov. 
610 2 0 |a elektronika 
610 2 0 |a elektronika spotrebná 
610 2 0 |a firmy 
610 2 0 |a manažment 
610 2 0 |a manažéri 
610 2 0 |a konkurencieschopnosť 
610 2 0 |a výroba 
610 2 0 |a Kórea 
100 1 |a Salmon, Andrew